000 003510000a22001570004500
020 _a0-88264-084-4
041 0 _aENG
082 0 4 _aG 920.9 W968w
100 1 _aWurmbrand, Richard
245 1 0 _aWas Karl Marx a satanist? / Richard Wurmbrand
250 _aed. revisada
260 _a[S.L] : Diana
300 _a91 Pag
001 11392
942 _cBK
999 _c40708
_d40708